000 00426nam a2200157Ia 4500
008 220531s9999 xx 000 0 und d
041 _amar
100 _aकामत साधना.
_952408
245 _aजन्‍माचे गुन्‍हेगार
260 _bPadmagandha
_c2005
300 _a175
542 _d18-02-2009
650 _aSociology
_952409
906 _d2008-2009
999 _c30423
_d30423